[Event "CZE-chT2c 9596"]
[Site "CZE"]
[Date "1996.??.??"]
[Round "10"]
[White "Rasik, Vitezslav"]
[Black "Zpevak, Pavel"]
[Result "1/2-1/2"]
[WhiteElo "2410"]
[BlackElo "2355"]

1.e4 c5 2.Nf3 Nc6 3.Bb5 g6 4.O-O Bg7 5.c3 e5 6.d3 Nge7 7.Be3 d6 8.d4 exd4
9.cxd4 O-O 10.Nc3 cxd4 11.Nxd4 a6 12.Bc4 Na5 13.Be2 d5 14.Qc1 dxe4 15.Rd1 Nd5
16.Nf5 Bxf5 17.Rxd5 Qc7 18.Bf4 Qb6 19.Na4 Qb4 20.Qd1 b5 21.Bd6 Qxa4 22.Qxa4 bxa4
23.Bxf8 Bxb2 24.Rb1 Bc3 25.Bb4 Rb8 26.g4 Bxg4 27.Bxg4 Rxb4 28.Rc1 Rd4 29.Rxd4 Bxd4
30.Kf1 Nb3 31.Rd1 Bc3 32.Rd8+ Kg7 33.Bd1 Nc5 34.Rd5 Bb4 35.Rd4 a5 36.a3 Bxa3
37.Bxa4 Nxa4 38.Rxa4 Bb4 39.Ke2 Kf6 40.Ra1 Ke5 41.h3 g5 42.Rg1 h6 43.f3 f5
44.Rc1 h5 45.Rc8 Kf4 46.fxe4 Kxe4 47.Rh8 h4 48.Rc8 Kf4 49.Kf2 g4 50.Rc4+ Kg5
51.Rc8 gxh3 52.Kg1 h2+ 53.Kg2 Kf4 54.Rc6 h1=Q+ 55.Kxh1 Kf3 56.Kh2 f4 57.Kh3 Be1
58.Re6 Kf2 59.Kxh4 f3 60.Kh3 Kf1 61.Kh2 Bd2 62.Kg3 f2 63.Kf3 a4 64.Re4 a3
65.Rh4  1/2-1/2

[Event "Decin op"]
[Site "Decin"]
[Date "1996.??.??"]
[Round "2"]
[White "Raudive, Aivars"]
[Black "Jirovsky, Milos"]
[Result "1-0"]
[WhiteElo "2365"]
[BlackElo "2445"]

1.e4 c5 2.Nf3 Nc6 3.Bb5 g6 4.O-O Bg7 5.c3 Nf6 6.Re1 O-O 7.h3 Qb6 8.Bxc6 bxc6
9.d4 cxd4 10.cxd4 d5 11.e5 Ne4 12.Nbd2 c5 13.dxc5 Nxc5 14.Nb3 Nxb3 15.axb3 Qb7
16.Nd4 f6 17.Bf4 f5 18.Qd2 e6 19.Bh6 Bxh6 20.Qxh6 Qb6 21.Qe3 Bd7 22.Rec1 Rac8
23.Rc3 f4 24.Qd2 Rxc3 25.bxc3 Qc7 26.b4 Qxe5 27.Rxa7 Qd6 28.Nf3 Rc8 29.Qd4 Rc7
30.Rxc7 Qxc7 31.Ne5 Be8 32.h4 h6 33.Qxf4 Qxc3 34.Qf6 Qc8 35.Nxg6 Kh7 36.h5 Qc1+
37.Kh2 Qg5 38.Qh8+  1-0

[Event "Decin op"]
[Site "Decin"]
[Date "1996.??.??"]
[Round "4"]
[White "Hasangatin, Ramil"]
[Black "Faibisovich, Vadim Z"]
[Result "1/2-1/2"]
[WhiteElo "2380"]
[BlackElo "2410"]

1.e4 c5 2.Nf3 Nc6 3.Bb5 g6 4.O-O Bg7 5.Re1 e5 6.Bxc6 dxc6 7.d3 Qc7 8.a3 a5
9.Be3 b6 10.Nbd2 Ne7 11.Nc4 a4 12.b4 b5 13.Na5 cxb4 14.axb4 O-O 15.c4 Be6
16.Qc2 Qd7 17.Bc5 Rac8 18.h3 h6 19.Qc3 Qc7 20.Rac1 Rfd8 21.Red1 bxc4 22.dxc4 g5
23.Rxd8+ Qxd8 24.Qc2 Ng6 25.Nh2 Nf4 26.Rd1 Qf6 27.Ng4 Bxg4 28.hxg4 Bf8 29.Bxf8 Kxf8
30.c5 a3 31.Qd2 Kg7 32.Qd7 Ne2+ 33.Kf1 Ng3+ 34.Ke1 Nxe4 35.f3 Nc3 36.Qxc8 Nxd1
37.Kxd1 e4 38.Nb3 a2 39.Kc2 exf3 40.gxf3 Qxf3 41.Qa6 Qf2+ 42.Kc3 Qe1+ 43.Kc2 Qb1+
44.Kc3 Qe1+ 45.Kc2 Qb1+  1/2-1/2

[Event "Decin op"]
[Site "Decin"]
[Date "1996.??.??"]
[Round "8"]
[White "Minasian, Ara"]
[Black "Faibisovich, Vadim Z"]
[Result "1-0"]
[WhiteElo "2425"]
[BlackElo "2410"]

1.e4 c5 2.Nf3 Nc6 3.Bb5 g6 4.Bxc6 dxc6 5.h3 e5 6.d3 Bg7 7.a3 Qe7 8.O-O a5
9.a4 Nf6 10.Na3 O-O 11.Nc4 Nd7 12.Bd2 b6 13.Bc3 Rb8 14.b3 f6 15.Nh2 Ba6 16.f4 f5
17.exf5 Bxc4 18.bxc4 Rxf5 19.fxe5 Rxf1+ 20.Qxf1 Nxe5 21.Re1 Qd6 22.Ba1 Nf7
23.Bxg7 Kxg7 24.Re4 h5 25.Qe1 Rd8 26.Nf3 Qc7 27.Qc3+ Kh7 28.Qf6 Rd6 29.Ng5+  1-0

[Event "Decin op"]
[Site "Decin"]
[Date "1996.??.??"]
[Round "9"]
[White "Ionescu, Doru Alexandru"]
[Black "Filipenko, Alexander V"]
[Result "0-1"]
[WhiteElo "2235"]
[BlackElo "2430"]

1.e4 c5 2.Nf3 Nc6 3.Bb5 e6 4.Bxc6 bxc6 5.e5 f6 6.O-O Be7 7.Nc3 Qc7 8.Qe2 Nh6
9.d4 Nf7 10.dxc5 Bxc5 11.Ne4 Be7 12.Bf4 f5 13.Neg5 Nd8 14.Nd2 O-O 15.Ngf3 Nf7
16.h4 Re8 17.g3 g6 18.Nb3 Qb6  0-1

[Event "Decin op"]
[Site "Decin"]
[Date "1996.??.??"]
[Round "9"]
[White "Rogovski, Vladimir"]
[Black "Scerbin, Dmitrij"]
[Result "1-0"]
[WhiteElo "2450"]
[BlackElo "2335"]

1.e4 c5 2.Nf3 Nc6 3.Bb5 g6 4.c3 a6 5.Bxc6 bxc6 6.O-O Bg7 7.d4 cxd4 8.cxd4 Nf6
9.Nc3 O-O 10.e5 Ne8 11.Bf4 d6 12.h3 Bf5 13.Rc1 Qb6 14.Qd2 Rd8 15.Rfd1 Nc7
16.Bh6 Nb5 17.Bxg7 Kxg7 18.Na4 Qb7 19.Rc2 Be6 20.b3 Bd5 21.Ne1 f6 22.Nc3 Nxc3
23.Rxc3 fxe5 24.dxe5 Rf7 25.Nc2 Rdf8 26.f3 Qb6+ 27.Qe3 Qb7 28.exd6 exd6 29.Qd4+ Kg8
30.Ne3 Rf4 31.Qd2 Qg7 32.Kh2 Bxf3 33.gxf3 Rxf3 34.Ng2 d5 35.Rxf3 Rxf3 36.h4 Qc7+
37.Kg1 Rh3 38.Qf2 Qh2+ 39.Kf1 Rc3 40.Rd2 Rc1+ 41.Ke2 a5 42.Qf3 Qg1 43.Kd3 Qc5
44.Qf4 Qb5+ 45.Ke3 Qc5+ 46.Qd4 Qd6 47.Re2 Rh1 48.Kd3 Rd1+ 49.Rd2 Rh1 50.Ne3 Qd7
51.Qe5 a4 52.Rf2 axb3  1-0

[Event "DEN-chT 9697"]
[Site "?"]
[Date "1996.??.??"]
[Round "1"]
[White "Brondum, Eric"]
[Black "Jaksland, Tim"]
[Result "1/2-1/2"]
[WhiteElo "2285"]
[BlackElo "2225"]

1.e4 c5 2.Nf3 Nc6 3.Bb5 d6 4.O-O Bd7 5.c3 a6 6.Bxc6 Bxc6 7.Re1 Nf6 8.d4 Bxe4
9.Bg5 d5 10.Nbd2 e6 11.Nxe4 dxe4 12.Bxf6 gxf6 13.Rxe4 Be7 14.dxc5 Qxd1+ 15.Rxd1 Bxc5
16.Kf1 Rd8 17.Rxd8+ Kxd8 18.Ke2 f5 19.Rc4 Bd6 20.Rd4 Ke7 21.a3 h6 22.b4 Rg8
23.Rh4 Rxg2 24.Rxh6 Rg4 25.Rh8 Re4+ 26.Kd3 Rf4 27.Ke2 Rc4 28.Kd3 Rf4 29.Ke2  1/2-1/2

[Event "DEN-chT9596"]
[Site "DEN"]
[Date "1996.??.??"]
[Round "5"]
[White "Mortensen, Erling"]
[Black "Schandorff, Lars"]
[Result "0-1"]
[WhiteElo "2500"]
[BlackElo "2450"]

1.e4 c5 2.Nf3 Nc6 3.Bb5 g6 4.O-O Bg7 5.c3 Nf6 6.Re1 O-O 7.e5 Nd5 8.d4 cxd4
9.cxd4 Nc7 10.Nc3 Nxb5 11.Nxb5 a6 12.Nc3 d6 13.exd6 exd6 14.Bg5 f6 15.Bf4 g5
16.Be3 Bg4 17.Qb3+ Rf7 18.Nd2 f5 19.f3 Bh5 20.d5 Ne5 21.Ne2 f4 22.Bb6 Qf6
23.h3 Bg6 24.Nd4 h5 25.Ne4 Bxe4 26.Rxe4 g4 27.fxg4 hxg4 28.hxg4 Nxg4 29.Qh3 Ne3
30.Re6 Qg5 31.Rxd6 Nc4 32.Nf3 Qf5 33.Qxf5 Rxf5 34.Re6 Rxd5 35.Rc1 Kf7 36.Rxc4 Kxe6
37.b4 Rf8 38.a4 Rf7 39.a5 Kf5 40.Kf2 Bf6 41.Bc7 Bg5 42.Bb8 Bh6 43.Bc7 Re7
44.Bb6 Red7 45.Rc8 Bg7 46.Rg8 Rd1 47.Rc8 Bf6 48.Rf8 Kg6 49.Rg8+ Rg7 50.Rc8 Rb1
51.Rc4 Kf5 52.Bc7 Rb2+ 53.Kf1 Rb1+ 54.Kf2 Rb2+ 55.Kf1 Rgxg2 56.Rxf4+ Ke6
57.Bb6 Rgc2 58.Ne1 Rb1 59.Bf2 Bc3 60.Re4+ Kd5  0-1

[Event "Dresden (Women)"]
[Site "Dresden"]
[Date "1996.??.??"]
[Round "?"]
[White "Dergatschova Daus, Anna"]
[Black "Nikolin, Zorica"]
[Result "1/2-1/2"]
[WhiteElo "2205"]
[BlackElo "2200"]

1.e4 c5 2.Nf3 Nc6 3.Bb5 g6 4.c3 Bg7 5.O-O e5 6.d3 Nge7 7.Be3 b6 8.Qc1 O-O
9.Bh6 d5 10.Bxg7 Kxg7 11.Nbd2 d4 12.cxd4 Nxd4 13.Nxd4 Qxd4 14.Nf3 Qd6 15.a4 Bg4
16.Qe3 a6 17.Bc4 Bxf3 18.Qxf3 Nc6 19.Qe3 Nd4 20.Rac1 b5 21.Bd5 Rac8 22.Kh1 f5
23.axb5 axb5 24.Ra1 Rc7 25.Ra5 f4 26.Qh3 Qd7 27.Qxd7+ Rxd7 28.f3 Rc8 29.b3 g5
30.Kg1 h5 31.Kf2 g4 32.Rfa1 Re8 33.Ra6 Nc2 34.Rd1 Ne3 35.Rc1 Nxd5 36.exd5 Red8
37.Rc6 Rxd5 38.R1xc5  1/2-1/2

[Event "Dresden op"]
[Site "Dresden"]
[Date "1996.??.??"]
[Round "2"]
[White "Kveinys, Aloyzas"]
[Black "Klee, Mario"]
[Result "1-0"]
[WhiteElo "2530"]
[BlackElo "2155"]

1.e4 c5 2.Nf3 Nc6 3.Bb5 g6 4.O-O Bg7 5.c3 Nf6 6.Re1 O-O 7.d4 cxd4 8.cxd4 d5
9.e5 Ne4 10.Bxc6 bxc6 11.Nbd2 Nxd2 12.Nxd2 c5 13.dxc5 Qc7 14.Nf3 Qxc5 15.Be3 Qa5
16.Qd4 Bb7 17.Qh4 f6 18.exf6 exf6 19.Bd4 Rf7 20.h3 Raf8 21.Qf4 Bc8 22.Rac1 g5
23.Qg3 Qxa2 24.Bc5 Rd8 25.Be7 Re8 26.Ba3 Rxe1+ 27.Rxe1 Bd7 28.Qb8+ Bf8 29.Qd8  1-0

[Event "Dresden op"]
[Site "Dresden"]
[Date "1996.??.??"]
[Round "8"]
[White "Iordachescu, Viorel"]
[Black "Wells, Peter K"]
[Result "1/2-1/2"]
[WhiteElo "2460"]
[BlackElo "2475"]

1.e4 c5 2.Nf3 Nc6 3.Bb5 e6 4.O-O Nge7 5.b3 Ng6 6.Bb2 f6 7.Re1 Be7 8.c3 O-O
9.d4 a6 10.Bf1 d5 11.exd5 exd5 12.dxc5 Bxc5 13.Nd4 Qb6 14.Na3 Nxd4 15.cxd4 Bb4
16.Re3 Bf5 17.Nc2 Bd6 18.Rc3 Rac8 19.Ne3 Be6 20.Rxc8 Rxc8 21.g3 Ne7  1/2-1/2

[Event "Asia-ch"]
[Site "Dubai"]
[Date "1996.??.??"]
[Round "?"]
[White "Aung Aung"]
[Black "Mithrakanth, Poorna Sharma"]
[Result "1-0"]
[WhiteElo "2205"]
[BlackElo "2360"]

1.e4 c5 2.Nf3 Nc6 3.Bb5 e6 4.O-O Nge7 5.b3 a6 6.Bxc6 Nxc6 7.Bb2 d6 8.d4 cxd4
9.Nxd4 Qc7 10.c4 Be7 11.Ne2 O-O 12.Ng3 b5 13.cxb5 axb5 14.Nh5 f6 15.Nc3 b4
16.Nb5 Qb8 17.Nd4 Nxd4 18.Bxd4 Ra5 19.f4 e5 20.Be3 Qa8 21.Qc2 Bg4 22.Ng3 Rc8
23.Qd2 d5 24.h3 Be6 25.fxe5 fxe5 26.exd5 Qxd5 27.Qe2 Rc3 28.Bf2 Qc6 29.Rfd1 Rc2
30.Rd2 Rxd2 31.Qxd2 Rd5 32.Qe2 Qc3 33.Re1 h6 34.Ne4 Qc6 35.Nd2 Ra5 36.Nf3 Bf6
37.Bg3 Qa8 38.Bxe5 Bxe5 39.Nxe5 Rxa2 40.Qf1 Bxb3 41.Ng6 Qa7+ 42.Kh1 Qf2 43.Re8+ Kh7
44.Nf8+ Kg8 45.Ne6+ Kh7 46.Qd3+  1-0

[Event "Asia-ch"]
[Site "Dubai"]
[Date "1996.??.??"]
[Round "?"]
[White "Odeev, Handszar"]
[Black "Ardiansyah, Haji"]
[Result "1/2-1/2"]
[WhiteElo "2425"]
[BlackElo "2430"]

1.e4 c5 2.Nf3 Nc6 3.Bb5 e6 4.O-O Nge7 5.c3 d5 6.exd5 Qxd5 7.Re1 a6 8.Ba4 b5
9.Bc2 Bb7 10.a4 Ng6 11.axb5 axb5  1/2-1/2

[Event "Nord Cup 2nd"]
[Site "Duesseldorf"]
[Date "1996.??.??"]
[Round "1"]
[White "Nowik, Volker"]
[Black "Cinar, Erdal"]
[Result "1-0"]
[WhiteElo "2170"]
[BlackElo "1925"]

1.e4 c5 2.Nf3 Nc6 3.Bb5 g6 4.O-O Bg7 5.c3 e5 6.d4 cxd4 7.cxd4 exd4 8.Bf4 Nge7
9.Bd6 O-O 10.Na3 a6 11.Qa4 Re8 12.b4  1-0

[Event "RUS-ch"]
[Site "Elista"]
[Date "1996.??.??"]
[Round "2"]
[White "Namgilov, Sogto"]
[Black "Sherbakov, Ruslan"]
[Result "1/2-1/2"]
[WhiteElo "2495"]
[BlackElo "2555"]

1.e4 c5 2.Nf3 Nc6 3.Bb5 e6 4.b3 Qf6 5.c3 Qg6 6.d3 Qxg2 7.Rg1 Qh3 8.Rg3 Qh5
9.Rg5 Qh3 10.Rg3 Qh5  1/2-1/2

[Event "RUS-ch"]
[Site "Elista"]
[Date "1996.??.??"]
[Round "7"]
[White "Vasiukov, Evgeni"]
[Black "Shabanov, Yuri"]
[Result "1/2-1/2"]
[WhiteElo "2505"]
[BlackElo "2405"]

1.e4 c5 2.Nf3 Nc6 3.Bb5 g6 4.O-O Bg7 5.c3 Nf6 6.Re1 O-O 7.h3 e5 8.d3 d6 9.Nbd2 Ne8
10.a3 Bd7 11.b4 Nc7 12.Bc4 b5 13.Bb3 a5 14.bxc5 dxc5 15.a4 b4 16.Bb2 Ne6
17.Bc4 Nf4 18.Nb3 Qe7 19.Rc1 Rfc8 20.Kh2 bxc3 21.Bxc3 Nb4 22.Bxb4 cxb4 23.Ra1 Be6
24.Nfd2 Bd7 25.Nf1 Qe8 26.Nbd2 Bf8 27.Ne3 Bc5 28.Nd5 Nxd5 29.exd5 Qd8 30.Qf3 Bd6
31.Ne4 Bf5 32.Nxd6 Qxd6 33.Qg3 f6 34.Re3 Ra7 35.Rae1 Kg7 36.h4 h5 37.Rf3 Bg4
38.Rfe3 Bf5 39.Rf3 Bg4 40.Rfe3 Bf5 41.Bb3 Rc3 42.d4 Rxe3 43.fxe3 Rc7 44.e4 Rc3
45.dxe5 fxe5 46.Re3 Bxe4 47.Rxc3 bxc3 48.Qxc3 Qf6 49.Qc7+ Kh6 50.Qc1+ Kg7
51.Qc7+ Kh6 52.Qc1+ Kg7 53.Qc7+  1/2-1/2

[Event "RUS-ch"]
[Site "Elista"]
[Date "1996.??.??"]
[Round "10"]
[White "Skvortsov, A."]
[Black "Vokarev, Sergey"]
[Result "0-1"]
[WhiteElo "2350"]
[BlackElo "2310"]

1.e4 c5 2.Nf3 Nc6 3.Bb5 g6 4.O-O Bg7 5.c3 Nf6 6.Re1 O-O 7.h3 e5 8.a4 Re8
9.d3 a6 10.Bc4 d6 11.Na3 Qc7 12.Bd2 Be6 13.Ng5 Bxc4 14.dxc4 h6 15.Nf3 Kh7
16.Nh2 Ng8 17.Nf1 Nce7 18.Ne3 Rf8 19.Qb3 f5 20.f3 fxe4 21.fxe4 Bf6 22.Nd5 Nxd5
23.cxd5 Bh4 24.Re2 Nf6 25.Be1 Bxe1 26.Raxe1 Nh5 27.Nc4 Rf6 28.Rf2 Rxf2 29.Kxf2 Rf8+
30.Kg1 Qe7 31.Qc2 b5 32.axb5 axb5 33.Nd2 Qg5 34.Nf1 Nf4 35.Kh2 c4 36.Qf2 Kg7
37.Ra1 Nd3 38.Ra7+ Kg8 39.Qe2 Rf2 40.Ra8+ Kf7 41.Ra7+ Ke8  0-1

[Event "RUS-ch"]
[Site "Elista"]
[Date "1996.??.??"]
[Round "11"]
[White "Sokolov, Andrei"]
[Black "Volzhin, Alexander"]
[Result "1/2-1/2"]
[WhiteElo "2585"]
[BlackElo "2485"]

1.e4 c5 2.Nf3 Nc6 3.Bb5 d6 4.O-O Bd7 5.Re1 Nf6 6.c3 a6 7.Bf1 Bg4 8.d3 e6
9.Nbd2 Be7 10.h3 Bh5 11.Qc2 d5 12.Nh2 Qc7 13.g3 O-O 14.Ndf3 b5 15.e5 Nd7
16.Bf4 b4 17.c4 Nd4 18.Nxd4 cxd4 19.Qd2 dxc4 20.dxc4 Qb6 21.h4 b3 22.a3 Bg6
23.Nf3 Rad8 24.Bg5 Bxg5 25.Qxg5 h6 26.Qf4 Nc5 27.Rad1 d3 28.Re3 Rd7 29.Bg2 Rfd8
30.Rd2 Qa5 31.Re1 Na4 32.Red1 Nb6 33.Rc1 Rc8 34.Rdd1 Qc5 35.Nd2 Rd4 36.Qe3 Nxc4
37.Nxb3 Nxe3 38.Rxc5 Rxc5 39.fxe3 Rdc4 40.Nxc5 Rxc5 41.e4 Rxe5 42.Rxd3 Bxe4
43.Re3 f5 44.Bxe4 Kf7 45.Kf2 fxe4 46.Rc3 Kf6 47.Ke3 Kf5 48.Rc4 g5  1/2-1/2

[Event "EST-chT"]
[Site "EST"]
[Date "1996.??.??"]
[Round "?"]
[White "Zavoronkov, Vladimir"]
[Black "Maidla, Vallo"]
[Result "1/2-1/2"]
[WhiteElo "2240"]
[BlackElo "2370"]

1.e4 c5 2.Nf3 Nc6 3.Bb5 g6 4.O-O Bg7 5.Re1 Nf6 6.e5 Nd5 7.Nc3 Nc7 8.Bxc6 dxc6
9.Ne4 Ne6 10.b3 O-O 11.Bb2 b6 12.d3 Nd4 13.b4 Nxf3+ 14.Qxf3 cxb4 15.Qf4 c5
16.Nf6+ exf6 17.exf6 Bh8 18.Re7 Qd5 19.Re5 Qc6 20.Rh5 Bb7 21.f3 Rfe8 22.Qh4 gxh5
23.Qg5+ Kf8 24.Qh6+ Kg8 25.Qg5+  1/2-1/2

[Event "POR-chT9596"]
[Site "Evora"]
[Date "1996.??.??"]
[Round "?"]
[White "Permuy, Carlos"]
[Black "Carneiro, Carlos"]
[Result "1-0"]
[WhiteElo "2350"]
[BlackElo "2245"]

1.e4 c5 2.Nf3 Nc6 3.Bb5 g6 4.O-O Bg7 5.Bxc6 bxc6 6.d3 d6 7.Re1 e5 8.Nbd2 Ne7
9.Nc4 O-O 10.Bd2 Bg4 11.h3 Bxf3 12.Qxf3 f5 13.Qe2 f4 14.Ba5 Qd7 15.Qg4 Qxg4
16.hxg4 Rf6 17.Bc7 Nc8 18.g5 Re6 19.Kh2 a6 20.a4 Ra7 21.Ba5 Bf8 22.Kh3 Rf7
23.Kg4 Be7 24.Ra3 Bf8 25.Rb3 h5+ 26.gxh6 d5 27.Nb6 Nd6 28.exd5 cxd5 29.Nxd5 Nf5
30.Rb6 Nxh6+ 31.Kf3 Rxb6 32.Nxb6 Nf5 33.Ke4 Nd4 34.c3 Nc6 35.Nc4 g5 36.Kd5 Rf6
37.Bc7 Ne7+ 38.Ke4 Rc6 39.Bxe5 Kf7 40.Rh1 Kg6  1-0

[Event "POR-chT9596"]
[Site "Evora"]
[Date "1996.??.??"]
[Round "?"]
[White "Martins, Jose Felix Perez"]
[Black "Antunes, Antonio"]
[Result "0-1"]
[WhiteElo "2370"]
[BlackElo "2525"]

1.e4 c5 2.Nf3 Nc6 3.Bb5 g6 4.O-O Bg7 5.c3 Nf6 6.d3 O-O 7.Be3 d6 8.Nbd2 Bd7
9.Re1 a6 10.Ba4 b5 11.Bc2 b4 12.d4 bxc3 13.bxc3 cxd4 14.cxd4 Ng4 15.Nc4 Na5
16.Nxa5 Nxe3 17.Rxe3 Qxa5 18.Bb3 Rac8 19.Rb1 Bh6 20.Re1 Rc3 21.e5 Bg4 22.Qe2 d5
23.h3 Bxf3 24.gxf3 e6 25.Kg2 Qd8 26.Qxa6 Qg5+ 27.Kf1 Rxf3 28.Rb2 Rxh3  0-1

[Event "FIN-chT 9596"]
[Site "FIN"]
[Date "1996.??.??"]
[Round "1"]
[White "Houtsonen, Pedri"]
[Black "Ojanen, Pekka"]
[Result "1/2-1/2"]
[WhiteElo "2125"]
[BlackElo "2230"]

1.e4 c5 2.Nf3 Nc6 3.Bb5 Nd4 4.Nxd4 cxd4 5.c3 Qb6 6.Qe2 a6 7.Ba4 e6 8.O-O Be7
9.d3 Nf6 10.e5 Nd5 11.Qg4 g5 12.Qxd4 Qxd4 13.cxd4 b5 14.Bb3 Bb7 15.Bxd5 Bxd5
16.Nc3 Bc6 17.Ne4 h6 18.f4 Rc8 19.fxg5 Bxe4 20.dxe4 hxg5 21.Be3 Rh4 22.Rac1 Ra8
23.Kf2 Rxe4 24.Kf3 Rh4 25.h3 f5 26.exf6 Bxf6 27.g3 Rxh3 28.Kg4 Rh6 29.Bxg5 Bxg5
30.Kxg5 Rh3 31.Kg4 Rh7 32.Rf4 Ke7 33.Rc2 Rg8+ 34.Kf3 Rhg7 35.Rg2 Rh8 36.Rh4 Rf8+
37.Rf4 Rc8 38.Rg4 Rxg4 39.Kxg4 Rc4 40.Rd2 Kf6 41.Kf4 Rc1 42.Ke4 Re1+ 43.Kf4 a5
44.a3 d5 45.Kf3 Re4 46.Kf2 Kf5 47.Rd3 a4 48.Rf3+ Kg5 49.Rd3 Kf6 50.Rf3+ Ke7
51.Rf4 Rxf4+ 52.gxf4  1/2-1/2

[Event "FIN-chT 9697"]
[Site "FIN"]
[Date "1996.??.??"]
[Round "2.4"]
[White "Leino, Jukka"]
[Black "Nokso Koivisto, Antti"]
[Result "0-1"]
[WhiteElo "2170"]
[BlackElo "2240"]

1.e4 c5 2.Nf3 Nc6 3.Bb5 d6 4.O-O Bd7 5.c3 Nf6 6.Re1 a6 7.Ba4 c4 8.Bc2 Bg4
9.h3 Bh5 10.g4 Bg6 11.b3 cxb3 12.axb3 e5 13.d3 Be7 14.Nbd2 h5 15.g5 Nh7 16.h4 f6
17.gxf6 Bxf6 18.Kh2 Bxh4 19.Rg1 Bf7 20.Rxg7 Qf6 21.Nxh4 Qxg7 22.Nf5 Qg6 23.Nc4 Bxc4
24.bxc4 Rg8 25.Qf1 Ne7 26.Ba4+ Kd8 27.Nxe7 Kxe7 28.Ba3 Raf8 29.c5 Rf4 30.cxd6+ Kd8
31.Qh3 Nf6 32.Bc5 Ng4+ 33.Kh1 b5 34.Bxb5 axb5 35.Qh4+ Nf6 36.Qh3 Qg4 37.Ra8+ Kd7
38.Ra7+ Ke8 39.Qxg4 Rfxg4 40.Re7+ Kf8 41.Rxe5 Rh4+  0-1

[Event "FIN-chT 9596"]
[Site "FIN"]
[Date "1996.??.??"]
[Round "6"]
[White "Kujala, Auvo"]
[Black "Pikler, Tamas"]
[Result "1/2-1/2"]
[WhiteElo "2290"]
[BlackElo "2080"]

1.e4 c5 2.Nf3 Nc6 3.Bb5 g6 4.O-O Bg7 5.Re1 e5 6.Bxc6 dxc6 7.d3 Qe7 8.Nbd2 Nh6
9.a4 O-O 10.Nc4 f6 11.a5 Nf7 12.b3 Bg4 13.h3 Bxf3 14.Qxf3 Nd8 15.Qg3 Ne6
16.f4 Nd4 17.Ra2  1/2-1/2

[Event "FIN-chT 9596"]
[Site "FIN"]
[Date "1996.??.??"]
[Round "7"]
[White "Vooremaa, Andres"]
[Black "Manninen, Marko"]
[Result "1/2-1/2"]
[WhiteElo "2270"]
[BlackElo "2380"]

1.e4 c5 2.Nf3 Nc6 3.Bb5 g6 4.O-O Bg7 5.Re1 Nf6 6.e5 Nd5 7.Nc3 Nc7 8.Bxc6 dxc6
9.h3 O-O 10.d3 b6 11.Bd2 Ne6 12.Ne4 Nd4 13.Nxd4 cxd4 14.f4 Qd5 15.Qe2 c5
16.b3 f6 17.exf6 exf6 18.Qf2 Bd7 19.Re2 h6 20.Rae1 f5 21.Ng3 Rae8 22.Nf1 Rxe2
23.Rxe2 Re8 24.Nh2 Rxe2 25.Qxe2 Qe6 26.Qxe6+ Bxe6 27.a4 Bf8 28.Nf3 Bd6 29.Kf2 Kf7
30.h4 Kf6 31.g3 a6 32.Ke2 h5 33.Bc1 b5 34.axb5 axb5 35.b4 Bd5 36.bxc5 Bxc5
37.Ne5 Bd6 38.Bb2 Bxe5 39.fxe5+ Kxe5 40.Bc1 Bg2 41.Bf4+ Kd5  1/2-1/2

[Event "FIN-chT 9596"]
[Site "FIN"]
[Date "1996.??.??"]
[Round "8"]
[White "Houtsonen, Pedri"]
[Black "Pikler, Tamas"]
[Result "1-0"]
[WhiteElo "2125"]
[BlackElo "2080"]

1.e4 c5 2.Nf3 Nc6 3.Bb5 g6 4.O-O Bg7 5.c3 Nf6 6.d4 cxd4 7.cxd4 Nxe4 8.d5 Nb8
9.Re1 Nd6 10.Bg5 f6 11.Bf4 Nxb5 12.a4 O-O 13.axb5 e5 14.Be3 d6 15.Bxa7 Bg4
16.Bb6 Qxb6 17.Rxa8 Qxb5 18.Nc3 Qxb2 19.Qd2 Qxd2 20.Nxd2 Na6 21.Rxf8+ Bxf8
22.Nde4 Kg7 23.Rb1 Bc8 24.Rb6 Nc5 25.Nxd6 Bxd6 26.Rxd6 Kf7 27.Rb6 Bd7 28.Nb5 Ke7
29.Na3 Ba4 30.Nb1 Bc2 31.Nc3 Bd3 32.f3 Ba6 33.Ne4 Nxe4 34.fxe4 f5 35.exf5 gxf5
36.Re6+ Kf7 37.Rxe5 Kf6 38.Re6+ Kf7 39.Rb6 Ke7 40.Kf2  1-0

[Event "FIN-chT 9596"]
[Site "FIN"]
[Date "1996.??.??"]
[Round "11"]
[White "Houtsonen, Pedri"]
[Black "Binham, Timothy F"]
[Result "0-1"]
[WhiteElo "2125"]
[BlackElo "2330"]

1.e4 c5 2.Nf3 Nc6 3.Bb5 g6 4.O-O Bg7 5.c3 Nf6 6.Re1 O-O 7.h3 e5 8.d4 cxd4
9.cxd4 Nxd4 10.Nxd4 exd4 11.e5 Ne8 12.Qxd4 d6 13.Nc3 Bf5 14.Bf4 dxe5 15.Qxd8 Rxd8
16.Bxe5 Nd6 17.Bf1 Rfe8 18.Bxg7 Kxg7 19.Rad1 Rxe1 20.Rxe1 Be6 21.Rd1 Rd7
22.f3 h5 23.Kf2 h4 24.Rd4 Nf5 25.Rxd7 Bxd7 26.Bd3 Kf6 27.Be4 Nd6 28.Bd3 Ke5
29.Ne4 Nxe4+ 30.Bxe4 Bc8 31.Ke3 g5 32.Bd3 Be6 33.a3 Bd5 34.Bf1 f6 35.Bd3 b6
36.Be2 f5 37.Bf1 Bc6 38.Be2 Bb7 39.Bf1 a6 40.Be2 b5 41.Bf1 Bd5 42.Be2 Bc4
43.Bxc4 bxc4 44.Ke2 Kd4 45.Kd2 f4 46.Kc2 Ke3 47.Kc3 Kf2 48.Kxc4 Kxg2  0-1

[Event "FRA-ch"]
[Site "France"]
[Date "1996.??.??"]
[Round "11"]
[White "Prie, Eric"]
[Black "Santo Roman, Marc"]
[Result "1/2-1/2"]
[WhiteElo "2480"]
[BlackElo "2385"]

1.e4 c5 2.Nf3 Nc6 3.Bb5 g6 4.Bxc6 bxc6 5.O-O Bg7 6.Re1 Nh6 7.e5 O-O 8.Nc3 f6
9.exf6 Rxf6 10.Ne4 Rf5 11.Qe2 e6 12.Nd6 Rd5 13.Nxc8 Rxc8 14.d3 Nf7 15.c4 Rf5
16.g4 Rf6 17.Ng5 e5 18.Ne4 Re6 19.Nxc5 Re8 20.Be3 d6 21.Ne4 d5 22.Ng3 Ng5
23.Rac1 Nh3+ 24.Kh1 Rf8 25.f3 Rc7 26.Kg2 Nf4+ 27.Bxf4 Rxf4 28.cxd5 cxd5 29.Rxc7 Qxc7
30.Qd2 Qb6 31.Ne2 Rf7 32.Nc3 Qc6 33.Qd1 Rd7 34.Qa4 Qe6 35.Ne2 h5 36.Nf4 Qf7
37.Nxg6 Rb7 38.Nxe5 Rxb2+ 39.Kg1 Bxe5 40.Rxe5 Rb1+ 41.Kg2 Rb2+ 42.Kg3 h4+
43.Kxh4 Qh7+ 44.Rh5 Qe7+ 45.Rg5+ Kh7 46.Qa5 Kh6 47.f4 Rxh2+ 48.Kg3 Qe3+  1/2-1/2

[Event "Frydek-Mistek op"]
[Site "Frydek-Mistek"]
[Date "1996.??.??"]
[Round "8"]
[White "Jacko, Tomas"]
[Black "Bolacky, Jiri"]
[Result "0-1"]
[WhiteElo "2170"]
[BlackElo "2215"]

1.e4 c5 2.Nf3 Nc6 3.Bb5 g6 4.Bxc6 dxc6 5.h3 e5 6.O-O f6 7.d3 Be6 8.Be3 Qd7
9.a4 g5 10.Nfd2 Ne7 11.Bxc5 Ng6 12.Nb3 Bxb3 13.Bxf8 Bxc2 14.Qxc2 Rxf8 15.Rd1 Nf4
16.b4 Rg8 17.d4 exd4 18.Qc4 O-O-O 19.b5 Qe6 20.Qf1 g4 21.bxc6 Nxg2 22.cxb7+ Kb8
23.Nd2 gxh3 24.Kh1 h2 25.Qb5 Ne3 26.fxe3 Qh3 27.Qe2 Rg1+ 28.Rxg1 hxg1=Q+
29.Kxg1 Rg8+ 30.Kf2 Qg3+  0-1

[Event "Frydek-Mistek (Women)"]
[Site "Frydek-Mistek"]
[Date "1996.??.??"]
[Round "9"]
[White "Svobodova, Michaela"]
[Black "Ciuksyte, Dagne"]
[Result "1/2-1/2"]
[WhiteElo "2150"]
[BlackElo "2245"]

1.e4 c5 2.Nf3 Nc6 3.Bb5 g6 4.Bxc6 dxc6 5.h3 Bg7 6.d3 e5 7.Nbd2 Qe7 8.Nc4 f6
9.a4 Nh6 10.a5 Nf7 11.Be3 Nd8 12.O-O Ne6 13.Nfd2 O-O 14.Nb3 Bd7 15.Qd2 Rad8
16.Nxc5 Bc8 17.b4 f5 18.f3 f4 19.Bf2 Qg5 20.Qe1 Bf6 21.Nxe6 Bxe6 22.Kh2 Rd7
23.Bxa7 Qh5 24.Bf2 g5 25.a6 bxa6 26.Rxa6 g4 27.fxg4 Bxg4 28.Nd2 Rg7 29.Nf3 Bc8
30.Rxc6 Rxg2+ 31.Kxg2 Bxh3+ 32.Kh2 Bd7+ 33.Bh4 Bxc6 34.Rg1+ Kh8 35.Qf2 Bxh4
36.Qxh4 Qxh4+ 37.Nxh4 Ba4 38.Rg2 f3 39.Rf2 Bxc2 40.Rxf3 Rxf3 41.Nxf3 Bxd3
42.Nxe5 Bxe4 43.Kg3 Kg7 44.Kh4 Kf6 45.Ng4+ Kf5 46.Nh6+ Ke6 47.Kg5 Kd5 48.Ng4 Kc4  1/2-1/2

[Event "ISL-ch"]
[Site "Gardabaer"]
[Date "1996.??.??"]
[Round "8"]
[White "Olafsson, Helgi"]
[Black "Jonasson, Benedikt"]
[Result "1-0"]
[WhiteElo "2485"]
[BlackElo "2280"]

1.e4 c5 2.Nf3 Nc6 3.Bb5 e6 4.O-O Nge7 5.c3 a6 6.Ba4 b5 7.Bc2 d5 8.e5 d4 9.Be4 d3
10.b3 Ra7 11.Re1 Rd7 12.c4 b4 13.Re3 g6 14.Qf1 Bg7 15.Bb2 Qc7 16.Bxd3 O-O
17.a3 a5 18.axb4 axb4 19.Ra2 Rfd8 20.Be4 Bb7 21.d3 Nf5 22.Re1 Nfd4 23.Nbd2 Nxf3+
24.Nxf3 Ne7 25.Bxb7 Qxb7 26.Rd1 Nf5 27.Qe2 h6 28.h3 Ra8 29.Rda1 Rxa2 30.Rxa2 g5
31.Kf1 Qb8 32.Ra1 Qd8 33.Qe4 Bf8 34.Ra8 Qe7 35.g4 Nh4 36.Nxh4 gxh4 37.Bc1 Rd8
38.Ke2 Kg7 39.Be3 Rxa8 40.Qxa8 f6 41.d4 cxd4 42.Bxd4 fxe5 43.Bxe5+ Kf7 44.Qf3+  1-0

[Event "ISL-ch"]
[Site "Gardabaer"]
[Date "1996.??.??"]
[Round "10"]
[White "Vidarsson, Jon G"]
[Black "Ulfarsson, Magnus Orn"]
[Result "1/2-1/2"]
[WhiteElo "2340"]
[BlackElo "2290"]

1.e4 c5 2.Nf3 Nc6 3.Bb5 d6 4.O-O Bd7 5.Re1 a6 6.Bxc6 Bxc6 7.c3 e6 8.d4 cxd4
9.cxd4 d5 10.e5 Bb4 11.Bd2 Bxd2 12.Nbxd2 Ne7 13.Nf1 O-O 14.Ng3 Ng6 15.Nh5 Kh8
16.Re3 Rc8 17.Ne1 Qh4 18.Rh3 Qg5 19.Nf3 Qf5 20.Qd2 f6 21.Nxg7 Qf4 22.exf6 Qxd2
23.Nxd2 Nf4 24.Rh4 Rxf6 25.Nh5 Nxh5 26.Rxh5 Be8 27.Re5 Rc2 28.Nf3 Bg6 29.Re3 Be4
30.Rb3 b5 31.a4 Bxf3 32.gxf3 bxa4 33.Rb8+ Kg7 34.Rb7+ Kh6 35.f4 Rxf4 36.Ra3 Rc1+
37.Kg2 Rg4+ 38.Rg3 Rxg3+ 39.hxg3 Kg6 40.Kf3 Rc4 41.Ke3 h5 42.f3 a5 43.Ra7 a3
44.bxa3 Ra4 45.Re7 Rxa3+ 46.Kf4 Kf6 47.Rh7 Rd3 48.Rh6+ Kf7 49.Rxh5 Rxd4+
50.Ke5 Rd3 51.Rh7+ Kg6 52.Rh4 Re3+ 53.Kd6 Kg7 54.Rg4+ Kf7 55.Rf4+ Ke8 56.Rh4 Re1
57.Rg4 Re3 58.Rh4 Kf7 59.Rf4+ Kg6  1/2-1/2

[Event "Eikrem mem"]
[Site "Gausdal"]
[Date "1996.??.??"]
[Round "7"]
[White "Djurhuus, Rune"]
[Black "Petursson, Margeir"]
[Result "1/2-1/2"]
[WhiteElo "2505"]
[BlackElo "2570"]

1.e4 c5 2.Nf3 Nc6 3.Bb5 d6 4.O-O Bd7 5.Re1 Nf6 6.h3 e6 7.c3 Ne5 8.Bf1 Qa5
9.Nh2 Nc6 10.f4 Be7 11.d3 O-O 12.Nd2 d5 13.e5 Ne8 14.Ndf3 f6 15.d4 Rc8 16.a3 Qb6
17.b4 cxd4 18.cxd4 Nd8 19.Bd3 Nc7 20.Be3 Nb5 21.exf6 gxf6 22.Ne5 fxe5 23.Bxh7+ Kxh7
24.Qh5+ Kg7 25.Qg4+ Kf7 26.Qh5+ Kg7 27.Qg4+ Kf7 28.Qh5+  1/2-1/2